Culture Générale - Série 128 - Statistiques

Statistiques générales
  • Ce quiz a été pris 522 fois
  • Le résultat moyen est 6 sur 10
Statistiques - réponses
Question Réponse % Correct
De combien de membres était composé le groupe ABBA ? 4
99%
Dans quel membre du corps humain est situé l'humérus ? Bras
96%
A quel mot correspond la lettre M dans le sigle FMI ? Monétaire
87%
Aux échecs, de combien de pièces dispose chaque joueur ? 16
86%
De quelle chanson française le tube "My Way" est-il une adaptation ? Comme d'habitude
69%
En 1987, à quelle chanteuse doit-on le tube : "La Isla bonita" ? Madonna
61%
Quel footballeur allemand était surnommé "le Kaiser" ? Franz Beckenbauer
54%
Quelle est la profession de Barbara Schulz ? Actrice
43%
Qui fut "Monsieur Klein" au cinéma sous la direction de Joseph Losey ? Alain Delon
31%
Quel plat brésilien est un ragoût de viande et de haricots noirs ? Feijoada
12%
Aucun quiz correspondant
Distribution des résultats
% des personnes avec chaque résultat
Percentile par nombre de réponses
Votre historique - résultats
Vous n’avez pas pris ce quiz